000 004890000a22001810004500
001 002536
003 MACL
005 20150707134819.0
008 150707b xxu||||| |||| 00| 0 eng d
040 _aMACL
_cMACL
041 _aEnglish
100 _aMajumdar, Anindita
_91126
245 _aBritish Forest Policy And Tribal Community in Bengal
_cAnindita Majumdar
260 _aTandrita Chandran,
_c2006
_bKolkata
350 _a595
650 _aSocial Science
_91127
942 _k307
_cBK
_2ddc
999 _c14446
_d14446